Paul gauguin 1848-1903 Các nhà danh họa thế kỷ XIX
v..v
Đã lưu trong:
| Tác giả chính: | |
|---|---|
| Định dạng: | Sách |
| Năm xuất bản: |
H.
Văn hóa Thông tin
1998
|
| Chủ đề: | |
| Tags: |
Thêm thẻ
Không có thẻ, Hãy là người đầu tiên gắn thẻ bản ghi này!
|
| LEADER | 00717nam a2200217 4500 | ||
|---|---|---|---|
| 082 | |a 759.944 |b P111l | ||
| 100 | |a Lê Thanh Lộc | ||
| 245 | |a Paul gauguin 1848-1903 |c Lê Thanh Lộc dịch |b Các nhà danh họa thế kỷ XIX | ||
| 260 | |a H. |b Văn hóa Thông tin |c 1998 | ||
| 300 | |a 63tr. |c 26cm | ||
| 520 | |a v..v | ||
| 653 | |a Nghệ thuật | ||
| 653 | |a Hội họa | ||
| 653 | |a Danh họa | ||
| 653 | |a Thế kỉ 19 | ||
| 653 | |a Gauguin, Paul | ||
| 653 | |a 1848 -1903 | ||
| 653 | |a Pháp | ||
| 942 | |2 ddc |c SH | ||
| 999 | |c 4046 |d 4046 | ||
| 952 | |0 0 |1 0 |2 ddc |4 0 |6 759_944000000000000_P111L |7 0 |8 700 |9 41280 |a qbu |b qbu |c D5 |d 2014-12-18 |g 12000 |o 759.944 P111l |p 4691.c1 |r 0000-00-00 |w 2014-12-18 |y SH |0 0 |6 759_944000000000000_P111L | ||